书目信息 |
| 题名: |
化工制图
|
|
| 作者: | 韩玉秀 | |
| 分册: | ||
| 出版信息: | 北京 高等教育出版社 2016 |
|
| 页数: | 278页 | |
| 开本: | 26cm | |
| 丛书名: | ||
| 单 册: | ||
| 中图分类: | TQ050.2 | |
| 科图分类: | ||
| 主题词: | 化工机械 , 化工设备 | |
| 电子资源: | ||
| ISBN: | 978-7-04-025384-9 | |
| 000 | 00603nam0 2200217 450 | |
| 001 | 3604 | |
| 005 | 20160927085720.46 | |
| 010 | @a978-7-04-025384-9@b平装@dCNY23.40 | |
| 100 | @a20151001d2016 km y0chiy0120 ea | |
| 101 | 0 | @achi |
| 102 | @aCN@b110000 | |
| 200 | 1 | @a化工制图@Ahua gong zhi tu@f韩玉秀@Fhan yu xiu |
| 210 | @a北京@c高等教育出版社@d2016 | |
| 215 | @a278页@d26cm | |
| 330 | @a化工机械·机械制图·专业学校·教材 | |
| 606 | 0 | @a化工机械 |
| 606 | 0 | @a化工设备 |
| 690 | @aTQ050.2@v4 | |
| 701 | 0 | @a韩玉秀@Ahan yu xiu |
| 801 | 0 | @aCN@b唐山师范学院图书馆@c20151002 |
| 905 | @aZUCC@dTQ050.2@e275 | |
| 化工制图/韩玉秀.-北京:高等教育出版社,2016 |
| 278页;26cm |
| ISBN 978-7-04-025384-9(平装):CNY23.40 |
| 化工机械·机械制图·专业学校·教材 |
| ● |
| 相关链接 |
|
|
|
|
正题名:化工制图
索取号:TQ050.2/275
 
预约/预借
| 序号 | 登录号 | 条形码 | 馆藏地/架位号 | 状态 | 备注 |
| 1 | 905496 | 209054967 | 第二样本阅览室/ [索取号:TQ050.2/275] | 在馆 | |
| 2 | 905497 | 209054976 | 第三借阅区/ [索取号:TQ050.2/275] | 在馆 | |
| 3 | 905498 | 209054985 | 第三借阅区/ [索取号:TQ050.2/275] | 在馆 |